Y-6 ÇİZGİLERLE NASREDİN HOCA VE EŞEĞİ (Record no. 588866)

MARC details
000 -LEADER
sabit uzunluktaki kontrol alanı 00298nam a2200109Ia 4500
001 - KONTROL NUMARASI
kontrol alanı 588866
005 - EN SON İŞLEMİN TARİH VE ZAMANI
kontrol alanı 20250717120838.0
008 - SABİT-UZUNLUKTA VERİ ÖĞELERİ--GENEL BİLGİ
sabit uzunluktaki kontrol alanı 250717s9999 xx 000 0 und d
245 #0 - ESER / YAZAR
ESER ADI Y-6 ÇİZGİLERLE NASREDİN HOCA VE EŞEĞİ
Yazar Adı ERDOĞAN OĞULTEKİN
260 ## - YAYIN, DAĞITIM, VB.
YAYIN EVİ HAYAT YAYINLARI
Yayın, dağıtım tarihi, vb. 2018
300 ## - FİZİKSEL AÇIKLAMA
Diğer fiziksel ayrıntılar 63

No items available.